[Event "Tradewise Gibraltar Masters 16th"]
[Site "Gibraltar"]
[Date "2018.01.25"]
[Round "3.9"]
[White "Gledura, Benjamin"]
[Black "Kollars, Dmitrij"]
[Result "1-0"]
[WhiteElo "2612"]
[BlackElo "2505"]
[PlyCount "89"]
[EventDate "2018.01.23"]
[EventType "swiss"]
[EventRounds "10"]
[EventCountry "GGB"]
[SourceTitle "BritBase"]
[Source "www.saund.co.uk"]
[SourceDate "2018.02.10"]
[SourceVersion "1"]
[SourceVersionDate "2018.02.10"]
[SourceQuality "1"]

1. d4 d5 2. c4 e6 3. Nf3 Nf6 4. g3 dxc4 5. Bg2 c5 6. O-O Nc6 7. Ne5 Bd7 8. Na3
cxd4 9. Naxc4 Be7 10. Qb3 Rc8 11. Qxb7 Nxe5 12. Nxe5 Rc7 13. Qa6 O-O 14. Bf4
Rc2 15. Rfc1 Rxb2 16. Nxd7 Qxd7 17. Bc6 Qd8 18. Qxa7 Nd5 19. Bxd5 exd5 20. Rab1
Rxb1 21. Rxb1 Bf6 22. Rb8 Qe7 23. Qxe7 Bxe7 24. a4 g5 25. Be5 Rxb8 26. Bxb8 Bd8
27. Ba7 d3 28. exd3 Kf8 29. g4 Ke7 30. Kg2 Kd6 31. Bd4 Kc6 32. Kf3 Kb7 33. Ke2
Ka6 34. Bc3 Be7 35. h3 Kb6 36. Ke3 Kc6 37. Bd4 Bd8 38. f4 f6 39. Kf3 Be7 40. h4
h6 41. fxg5 fxg5 42. h5 Bf8 43. Ke2 Kb7 44. Kd2 Ka6 45. Kc3 1-0

[Event "Tradewise Gibraltar Masters 16th"]
[Site "Gibraltar"]
[Date "2018.01.25"]
[Round "3.10"]
[White "Batsiashvili, Nino"]
[Black "Oparin, Grigoriy"]
[Result "1-0"]
[WhiteElo "2504"]
[BlackElo "2607"]
[PlyCount "109"]
[EventDate "2018.01.23"]
[EventType "swiss"]
[EventRounds "10"]
[EventCountry "GGB"]
[SourceTitle "BritBase"]
[Source "www.saund.co.uk"]
[SourceDate "2018.02.10"]
[SourceVersion "1"]
[SourceVersionDate "2018.02.10"]
[SourceQuality "1"]

1. d4 f5 2. c4 Nf6 3. Nc3 e6 4. Nf3 Bb4 5. Bd2 b6 6. g3 Bb7 7. Bg2 O-O 8. O-O
Qe7 9. Rc1 c5 10. dxc5 Bxc5 11. a3 a5 12. Na4 Ne4 13. Bf4 d6 14. Ng5 e5 15.
Nxe4 fxe4 16. Bd2 Bc6 17. Nc3 Qb7 18. e3 Nd7 19. Nd5 Bxd5 20. cxd5 a4 21. Bxe4
Nf6 22. Bg2 Qd7 23. Rc4 Rf7 24. Bb4 Kh8 25. Qc2 g6 26. Bxc5 bxc5 27. f4 Qe8 28.
Kh1 Kg7 29. Qc3 Re7 30. fxe5 Rxe5 31. Rcf4 Ng8 32. Re4 Rb8 33. Rxe5 Qxe5 34.
Qxe5+ dxe5 35. d6 Rxb2 36. Rd1 Nh6 37. Bc6 Nf7 38. Bxa4 c4 39. d7 Nd8 40. Rc1
Ra2 41. Rc3 Kf6 42. Bb5 Rb2 43. Bxc4 Ke7 44. Rd3 e4 45. Rd4 Rb1+ 46. Kg2 Ra1
47. Rxe4+ Kxd7 48. Bb5+ Kd6 49. Rd4+ Kc7 50. Rd7+ Kc8 51. Rxh7 Rxa3 52. Kf3 Nb7
53. Rg7 Nd6 54. Bd7+ Kd8 55. Be6 1-0

[Event "Tradewise Gibraltar Masters 16th"]
[Site "Gibraltar"]
[Date "2018.01.25"]
[Round "3.11"]
[White "Papp, Gabor"]
[Black "Debashis, Das"]
[Result "1/2-1/2"]
[WhiteElo "2607"]
[BlackElo "2501"]
[PlyCount "53"]
[EventDate "2018.01.23"]
[EventType "swiss"]
[EventRounds "10"]
[EventCountry "GGB"]
[SourceTitle "BritBase"]
[Source "www.saund.co.uk"]
[SourceDate "2018.02.10"]
[SourceVersion "1"]
[SourceVersionDate "2018.02.10"]
[SourceQuality "1"]

1. e4 c5 2. Nf3 d6 3. d4 cxd4 4. Nxd4 Nf6 5. Nc3 a6 6. Bg5 e6 7. f4 Be7 8. Qf3
Qc7 9. O-O-O O-O 10. Kb1 Nc6 11. Qg3 Bd7 12. Be2 Rfc8 13. e5 dxe5 14. fxe5 Nxe5
15. Bf4 Bd6 16. Rhf1 Nc4 17. Bxd6 Qxd6 18. Qxd6 Nxd6 19. Nxe6 Rxc3 20. Rxd6 Rc6
21. Rxc6 Bxc6 22. Nf4 Re8 23. Bc4 Ng4 24. Ng6 Nf6 25. Nf4 Ng4 26. Ng6 Nf6 27.
Nf4 1/2-1/2

[Event "Tradewise Gibraltar Masters 16th"]
[Site "Gibraltar"]
[Date "2018.01.25"]
[Round "3.12"]
[White "Antipov, Mikhail Al"]
[Black "Stefanova, Antoaneta"]
[Result "1-0"]
[WhiteElo "2588"]
[BlackElo "2489"]
[PlyCount "67"]
[EventDate "2018.01.23"]
[EventType "swiss"]
[EventRounds "10"]
[EventCountry "GGB"]
[SourceTitle "BritBase"]
[Source "www.saund.co.uk"]
[SourceDate "2018.02.10"]
[SourceVersion "1"]
[SourceVersionDate "2018.02.10"]
[SourceQuality "1"]

1. d4 d5 2. c4 c6 3. cxd5 cxd5 4. Bg5 Nf6 5. Bxf6 gxf6 6. Nc3 f5 7. e3 e6 8.
Nf3 Bd6 9. a3 a6 10. h3 Nd7 11. g4 Nf6 12. Ne5 Ne4 13. gxf5 exf5 14. Qb3 Be6
15. Rg1 b5 16. Nc6 Qc8 17. Nb4 f4 18. Nxe4 dxe4 19. d5 Bxh3 20. Bxh3 Qxh3 21.
Qc3 Rf8 22. Qc6+ Ke7 23. Qb7+ Kf6 24. Qb6 Qd7 25. Nc6 Rg8 26. Qd4+ Kf5 27.
O-O-O Rac8 28. Kb1 f3 29. Rg7 h6 30. Rh1 Bf4 31. Rh5+ Bg5 32. Qe5+ Kg4 33.
Rhxg5+ hxg5 34. Qxg5+ 1-0

[Event "Tradewise Gibraltar Masters 16th"]
[Site "Gibraltar"]
[Date "2018.01.25"]
[Round "3.13"]
[White "Gagare, Shardul"]
[Black "Buhmann, Rainer"]
[Result "1/2-1/2"]
[WhiteElo "2494"]
[BlackElo "2587"]
[PlyCount "28"]
[EventDate "2018.01.23"]
[EventType "swiss"]
[EventRounds "10"]
[EventCountry "GGB"]
[SourceTitle "BritBase"]
[Source "www.saund.co.uk"]
[SourceDate "2018.02.10"]
[SourceVersion "1"]
[SourceVersionDate "2018.02.10"]
[SourceQuality "1"]

1. d4 d5 2. c4 e6 3. Nf3 Nf6 4. Nc3 Bb4 5. cxd5 exd5 6. Bg5 Qd6 7. Bxf6 Qxf6 8.
Qb3 Qb6 9. a3 Ba5 10. Qc2 Bf5 11. Qa4+ Bd7 12. Qc2 Bf5 13. Qa4+ Bd7 14. Qc2 Bf5
1/2-1/2

[Event "Tradewise Gibraltar Masters 16th"]
[Site "Gibraltar"]
[Date "2018.01.25"]
[Round "3.14"]
[White "Salomon, Johan"]
[Black "Narayanan, SL."]
[Result "1/2-1/2"]
[WhiteElo "2476"]
[BlackElo "2573"]
[PlyCount "75"]
[EventDate "2018.01.23"]
[EventType "swiss"]
[EventRounds "10"]
[EventCountry "GGB"]
[SourceTitle "BritBase"]
[Source "www.saund.co.uk"]
[SourceDate "2018.02.10"]
[SourceVersion "1"]
[SourceVersionDate "2018.02.10"]
[SourceQuality "1"]

1. e4 e5 2. Nf3 Nc6 3. Bc4 Bc5 4. O-O Nf6 5. d3 O-O 6. h3 a6 7. Re1 h6 8. c3 d6
9. Bb3 Ba7 10. Nbd2 Be6 11. Nf1 Re8 12. Bc2 d5 13. exd5 Qxd5 14. Ng3 Rad8 15.
Bd2 Bc5 16. b4 Bf8 17. a4 b5 18. Qe2 Qd7 19. axb5 axb5 20. Ra6 Bd5 21. Be3 Re6
22. Raa1 Qc8 23. Red1 Ree8 24. Ne4 Qe6 25. Nfd2 Ra8 26. Nc5 Bxc5 27. Bxc5 Nd7
28. Be3 Rxa1 29. Rxa1 Nd4 30. Bxd4 exd4 31. Qxe6 Bxe6 32. c4 bxc4 33. dxc4 Rb8
34. b5 Nc5 35. Bd1 Kf8 36. Ra7 Rc8 37. Bf3 Ke8 38. Bc6+ 1/2-1/2

[Event "Tradewise Gibraltar Masters 16th"]
[Site "Gibraltar"]
[Date "2018.01.25"]
[Round "3.15"]
[White "Saduakassova, Dinara"]
[Black "Moussard, Jules"]
[Result "1/2-1/2"]
[WhiteElo "2470"]
[BlackElo "2571"]
[PlyCount "93"]
[EventDate "2018.01.23"]
[EventType "swiss"]
[EventRounds "10"]
[EventCountry "GGB"]
[SourceTitle "BritBase"]
[Source "www.saund.co.uk"]
[SourceDate "2018.02.10"]
[SourceVersion "1"]
[SourceVersionDate "2018.02.10"]
[SourceQuality "1"]

1. d4 d5 2. c4 e6 3. Nf3 Nf6 4. g3 Be7 5. Bg2 O-O 6. O-O dxc4 7. Qc2 b6 8. Qxc4
Bb7 9. Nc3 c5 10. Rd1 Nbd7 11. Bg5 Qc8 12. Rac1 h6 13. Bf4 Nd5 14. dxc5 bxc5
15. Nxd5 Bxd5 16. Qc2 Nf6 17. b3 Qb7 18. Be5 Rfc8 19. Ne1 a5 20. Bxf6 Bxf6 21.
Bxd5 exd5 22. Qd3 Qe7 23. Qf3 Re8 24. Rc2 a4 25. Nd3 axb3 26. axb3 c4 27. Nf4
Qe4 28. Qxe4 Rxe4 29. b4 Ra1 30. Rxa1 Bxa1 31. Nxd5 Re5 32. Nc3 Bxc3 33. Rxc3
Rxe2 34. Rxc4 Rb2 35. g4 g5 36. Rc8+ Kg7 37. Rb8 h5 38. gxh5 Kh6 39. Rh8+ Kg7
40. Rb8 Kh6 41. h3 Kxh5 42. b5 Kg6 43. Kg2 Kf5 44. Kg3 Rb3+ 45. f3 Rb2 46. b6
f6 47. b7 1/2-1/2

[Event "Tradewise Gibraltar Masters 16th"]
[Site "Gibraltar"]
[Date "2018.01.25"]
[Round "3.16"]
[White "Dragnev, Valentin"]
[Black "Esipenko, Andrey"]
[Result "1/2-1/2"]
[WhiteElo "2466"]
[BlackElo "2571"]
[PlyCount "135"]
[EventDate "2018.01.23"]
[EventType "swiss"]
[EventRounds "10"]
[EventCountry "GGB"]
[SourceTitle "BritBase"]
[Source "www.saund.co.uk"]
[SourceDate "2018.02.10"]
[SourceVersion "1"]
[SourceVersionDate "2018.02.10"]
[SourceQuality "1"]

1. d4 Nf6 2. c4 e6 3. Nc3 Bb4 4. e3 O-O 5. Nf3 d5 6. Bd2 a6 7. a3 Be7 8. Qc2
Nbd7 9. c5 c6 10. Bd3 Qc7 11. Na4 e5 12. dxe5 Nxe5 13. Nxe5 Qxe5 14. Nb6 Rb8
15. Bc3 Qh5 16. Nxc8 Rbxc8 17. Bd4 Ne4 18. Bxe4 dxe4 19. Qxe4 Bxc5 20. g4 Qd5
21. Qxd5 cxd5 22. Bc3 Rfd8 23. Ke2 d4 24. exd4 Bxd4 25. Bxd4 Rxd4 26. Rac1 Re8+
27. Kf3 h5 28. gxh5 Rd2 29. b4 Re5 30. Rc8+ Kh7 31. Rc5 Rd3+ 32. Kg2 Re4 33.
Ra1 Rg4+ 34. Kf1 Rh3 35. Rc7 Rxh2 36. Ra2 b5 37. Rxf7 Rxh5 38. Ra7 Rg6 39. a4
Rh1+ 40. Ke2 Rb1 41. axb5 Re6+ 42. Kf3 axb5 43. Rd2 Rb3+ 44. Kg2 Rg6+ 45. Kf1
Rxb4 46. Rd5 Rb1+ 47. Ke2 Rb2+ 48. Kf3 Rf6+ 49. Kg3 Rb3+ 50. Kg2 Rg6+ 51. Kf1
Rg4 52. Rb7 b4 53. Ke2 Kh6 54. Rb6+ g6 55. Rdb5 Rf4 56. f3 Rfxf3 57. Rxb4 Rbe3+
58. Kd2 Rg3 59. Rg4 Rd3+ 60. Ke2 Rxg4 61. Kxd3 Rf4 62. Ke3 Rf1 63. Ke2 Rf5 64.
Rb1 Rf6 65. Rh1+ Kg7 66. Rg1 Rf5 67. Rg2 g5 68. Rf2 1/2-1/2

[Event "Tradewise Gibraltar Masters 16th"]
[Site "Gibraltar"]
[Date "2018.01.25"]
[Round "3.17"]
[White "Venkatesh, Marani Rajendran"]
[Black "Peralta, Fernando"]
[Result "1/2-1/2"]
[WhiteElo "2445"]
[BlackElo "2559"]
[PlyCount "66"]
[EventDate "2018.01.23"]
[EventType "swiss"]
[EventRounds "10"]
[EventCountry "GGB"]
[SourceTitle "BritBase"]
[Source "www.saund.co.uk"]
[SourceDate "2018.02.10"]
[SourceVersion "1"]
[SourceVersionDate "2018.02.10"]
[SourceQuality "1"]

1. Nf3 Nf6 2. g3 b5 3. Bg2 Bb7 4. Na3 a6 5. c4 c6 6. d4 d5 7. c5 g6 8. Nc2 a5
9. a3 Bg7 10. O-O O-O 11. Nce1 Bc8 12. Nd3 Bf5 13. Nh4 Bxd3 14. Qxd3 Nbd7 15.
f4 e6 16. Rd1 a4 17. Bd2 Ne8 18. Nf3 f5 19. Ne5 Qc7 20. Bb4 Nef6 21. e3 Ne4 22.
Nxd7 Qxd7 23. Qe2 h5 24. Bxe4 dxe4 25. h4 Qd5 26. Kf2 Bf6 27. Qc2 Rf7 28. Rd2
Bd8 29. Qc3 Rfa7 30. Kg2 Kf7 31. Kh3 Ba5 32. Rc2 Ra6 33. Kh2 R6a7 1/2-1/2

[Event "Tradewise Gibraltar Masters 16th"]
[Site "Gibraltar"]
[Date "2018.01.25"]
[Round "3.18"]
[White "Aronian, Levon"]
[Black "Hoolt, Sarah"]
[Result "1-0"]
[WhiteElo "2797"]
[BlackElo "2400"]
[PlyCount "85"]
[EventDate "2018.01.23"]
[EventType "swiss"]
[EventRounds "10"]
[EventCountry "GGB"]
[SourceTitle "BritBase"]
[Source "www.saund.co.uk"]
[SourceDate "2018.02.10"]
[SourceVersion "1"]
[SourceVersionDate "2018.02.10"]
[SourceQuality "1"]

1. d4 f5 2. Nc3 Nf6 3. Bg5 d5 4. e3 e6 5. Nf3 Be7 6. Bd3 Ne4 7. Bxe7 Qxe7 8.
O-O O-O 9. Ne2 c5 10. b3 Nd7 11. c4 dxc4 12. Bxc4 Nd6 13. Qc2 Nxc4 14. Qxc4 Re8
15. Nf4 cxd4 16. exd4 Qd6 17. Ne5 Nxe5 18. dxe5 Qxe5 19. Rfe1 Qf6 20. Rad1 Qf7
21. Qb5 a6 22. Qb6 a5 23. Nd3 Ra6 24. Qd4 b5 25. Qc5 Qb7 26. Ne5 Qb6 27. Qc1
Ra7 28. Qg5 Rae7 29. Rd3 Qc7 30. Qe3 Bb7 31. Rc1 Qb8 32. Nd7 Qa8 33. Qg5 Kh8
34. Nf6 Rc8 35. Rcd1 Rf7 36. Nd7 Rg8 37. Rh3 h6 38. Ne5 Rf6 39. Rxh6+ Rxh6 40.
Nf7+ Kh7 41. Nxh6 Bf3 42. Nf7 Rf8 43. Qh4+ 1-0

[Event "Tradewise Gibraltar Masters 16th"]
[Site "Gibraltar"]
[Date "2018.01.25"]
[Round "3.19"]
[White "Vachier-Lagrave, Maxime"]
[Black "Goryachkina, Aleksandra"]
[Result "1-0"]
[WhiteElo "2793"]
[BlackElo "2493"]
[PlyCount "73"]
[EventDate "2018.01.23"]
[EventType "swiss"]
[EventRounds "10"]
[EventCountry "GGB"]
[SourceTitle "BritBase"]
[Source "www.saund.co.uk"]
[SourceDate "2018.02.10"]
[SourceVersion "1"]
[SourceVersionDate "2018.02.10"]
[SourceQuality "1"]

1. Nf3 d5 2. g3 g6 3. Bg2 Bg7 4. d4 Nf6 5. O-O O-O 6. c4 c6 7. Qb3 Qb6 8. Nc3
Rd8 9. Rd1 Qxb3 10. axb3 Bf5 11. Ne1 Na6 12. Bf4 Ne4 13. Ra5 e6 14. e3 h6 15.
h3 g5 16. g4 gxf4 17. gxf5 Nd6 18. fxe6 fxe6 19. Bf1 fxe3 20. fxe3 Nc7 21. Ng2
Rf8 22. Be2 a6 23. Raa1 Nf5 24. Bg4 Rad8 25. Na4 h5 26. Bxh5 e5 27. dxe5 d4 28.
exd4 Nxd4 29. Nc5 Bxe5 30. Nxb7 Rb8 31. Nc5 Nxb3 32. Nd7 Nxa1 33. Nxe5 Nc2 34.
Bg6 Rxb2 35. Rd7 Rc8 36. Nf4 Rb1+ 37. Kf2 1-0

[Event "Tradewise Gibraltar Masters 16th"]
[Site "Gibraltar"]
[Date "2018.01.25"]
[Round "3.20"]
[White "Le, Quang Liem"]
[Black "Blomqvist, Erik"]
[Result "1-0"]
[WhiteElo "2737"]
[BlackElo "2502"]
[PlyCount "73"]
[EventDate "2018.01.23"]
[EventType "swiss"]
[EventRounds "10"]
[EventCountry "GGB"]
[SourceTitle "BritBase"]
[Source "www.saund.co.uk"]
[SourceDate "2018.02.10"]
[SourceVersion "1"]
[SourceVersionDate "2018.02.10"]
[SourceQuality "1"]

1. e4 c5 2. Nf3 e6 3. d4 cxd4 4. Nxd4 Nc6 5. Nc3 a6 6. Be2 Qc7 7. Be3 Nf6 8.
O-O Bb4 9. Na4 O-O 10. c4 Be7 11. Nc3 b6 12. Rc1 Nxd4 13. Bxd4 Bb7 14. Qd3 d6
15. b4 Nd7 16. Rfd1 Rac8 17. Qg3 g6 18. a3 Rfe8 19. h4 Qd8 20. h5 Bg5 21. Be3
Bxe3 22. Qxe3 Qe7 23. Qd4 Rc6 24. b5 axb5 25. cxb5 Rc5 26. hxg6 hxg6 27. Qxd6
Qxd6 28. Rxd6 Nf6 29. Rxb6 Bxe4 30. f3 Ba8 31. Na2 Rxc1+ 32. Nxc1 Nd5 33. Ra6
Nc3 34. a4 Rc8 35. Bf1 Bb7 36. Ra7 Nxa4 37. Nd3 1-0

[Event "Tradewise Gibraltar Masters 16th"]
[Site "Gibraltar"]
[Date "2018.01.25"]
[Round "3.21"]
[White "Ivanchuk, Vassily"]
[Black "Xu, Yi"]
[Result "1/2-1/2"]
[WhiteElo "2726"]
[BlackElo "2482"]
[PlyCount "58"]
[EventDate "2018.01.23"]
[EventType "swiss"]
[EventRounds "10"]
[EventCountry "GGB"]
[SourceTitle "BritBase"]
[Source "www.saund.co.uk"]
[SourceDate "2018.02.10"]
[SourceVersion "1"]
[SourceVersionDate "2018.02.10"]
[SourceQuality "1"]

1. d4 Nf6 2. c4 e6 3. Nf3 d5 4. Nc3 Bb4 5. e3 O-O 6. a3 Bxc3+ 7. bxc3 c5 8. Bb2
dxc4 9. Bxc4 Qc7 10. Bd3 Nc6 11. e4 e5 12. d5 Ne7 13. c4 Ng6 14. Nd2 Ne8 15.
O-O f6 16. a4 Nd6 17. Ra3 Bd7 18. Re1 Rae8 19. Bc2 Qc8 20. Rae3 Nf4 21. h4 Bg4
22. f3 Bh5 23. g3 Qh3 24. gxf4 Qg3+ 25. Kf1 exf4 26. Rb3 Qh2 27. Re2 Qh1+ 28.
Kf2 Qh2+ 29. Kf1 Qh1+ 1/2-1/2

[Event "Tradewise Gibraltar Masters 16th"]
[Site "Gibraltar"]
[Date "2018.01.25"]
[Round "3.23"]
[White "Praggnanandhaa, R."]
[Black "Short, Nigel D"]
[Result "1/2-1/2"]
[WhiteElo "2515"]
[BlackElo "2681"]
[PlyCount "82"]
[EventDate "2018.01.23"]
[EventType "swiss"]
[EventRounds "10"]
[EventCountry "GGB"]
[SourceTitle "BritBase"]
[Source "www.saund.co.uk"]
[SourceDate "2018.02.10"]
[SourceVersion "1"]
[SourceVersionDate "2018.02.10"]
[SourceQuality "1"]

1. e4 e6 2. d4 d5 3. Nc3 Bb4 4. exd5 Qxd5 5. Nf3 Nf6 6. Bd2 Bxc3 7. Bxc3 b6 8.
Bd2 Bb7 9. Bd3 Nbd7 10. Qe2 O-O 11. O-O c5 12. dxc5 Nxc5 13. Bc4 Qf5 14. Nd4
Qe4 15. Qxe4 Ncxe4 16. Bb4 Rfc8 17. Bd3 Nc5 18. Be2 Na4 19. Ba3 Nd5 20. Bf3 a6
21. Rfd1 b5 22. c3 g6 23. Rab1 Ra7 24. Ne2 h5 25. Rbc1 Nf6 26. Bxb7 Rxb7 27. b3
Nb6 28. Bd6 Nfd5 29. Be5 f6 30. Bd4 Kf7 31. f4 Nd7 32. c4 bxc4 33. Rxc4 Rxc4
34. bxc4 Ne7 35. Nc3 f5 36. Ne2 Nc6 37. Bc3 Nc5 38. Kf2 Ne4+ 39. Ke3 Ke8 40. g3
Rc7 41. Be1 Nf6 1/2-1/2

[Event "Tradewise Gibraltar Masters 16th"]
[Site "Gibraltar"]
[Date "2018.01.25"]
[Round "3.24"]
[White "Motylev, Alexander"]
[Black "Cramling, Pia"]
[Result "1/2-1/2"]
[WhiteElo "2673"]
[BlackElo "2449"]
[PlyCount "63"]
[EventDate "2018.01.23"]
[EventType "swiss"]
[EventRounds "10"]
[EventCountry "GGB"]
[SourceTitle "BritBase"]
[Source "www.saund.co.uk"]
[SourceDate "2018.02.10"]
[SourceVersion "1"]
[SourceVersionDate "2018.02.10"]
[SourceQuality "1"]

1. e4 c5 2. Nf3 d6 3. d4 cxd4 4. Nxd4 Nf6 5. Nc3 a6 6. Bg5 Nbd7 7. Bc4 Qa5 8.
Qd2 e6 9. a4 h6 10. Bxf6 Nxf6 11. f4 Be7 12. f5 exf5 13. exf5 O-O 14. Nd5 Qxd2+
15. Kxd2 Nxd5 16. Bxd5 Bf6 17. Kd3 Bd7 18. g4 Rab8 19. Rhe1 Rfc8 20. c3 Bc6 21.
Bb3 Kf8 22. h3 a5 23. Bc4 Bg2 24. Bb5 d5 25. Ke3 Rc7 26. Kf2 Be4 27. Nf3 Re7
28. Re2 Bxf3 29. Rxe7 Kxe7 30. Kxf3 Kd6 31. Rd1 Rd8 32. Re1 1/2-1/2

[Event "Tradewise Gibraltar Masters 16th"]
[Site "Gibraltar"]
[Date "2018.01.25"]
[Round "3.25"]
[White "Santos Ruiz, Miguel"]
[Black "Sutovsky, Emil"]
[Result "0-1"]
[WhiteElo "2510"]
[BlackElo "2673"]
[PlyCount "76"]
[EventDate "2018.01.23"]
[EventType "swiss"]
[EventRounds "10"]
[EventCountry "GGB"]
[SourceTitle "BritBase"]
[Source "www.saund.co.uk"]
[SourceDate "2018.02.10"]
[SourceVersion "1"]
[SourceVersionDate "2018.02.10"]
[SourceQuality "1"]

1. d4 Nf6 2. c4 g6 3. g3 Bg7 4. Bg2 d5 5. cxd5 Nxd5 6. Nf3 Nb6 7. Nc3 Nc6 8. e3
O-O 9. O-O Re8 10. h3 e5 11. d5 Na5 12. Qc2 Nac4 13. e4 Nd6 14. b3 f5 15. Rd1
fxe4 16. Ng5 Nf5 17. Ngxe4 Nd4 18. Qd3 Bf5 19. Be3 Kh8 20. g4 Bxe4 21. Bxe4 Qh4
22. Kg2 Rad8 23. Nb5 c5 24. dxc6 bxc6 25. Nxa7 Ne6 26. Qe2 Nd5 27. Bxd5 cxd5
28. Nc6 Rd6 29. Qb5 Rf8 30. Rxd5 Rxf2+ 31. Bxf2 Nf4+ 32. Kg1 Nxh3+ 33. Kh1
Nxf2+ 34. Kg2 Qxg4+ 35. Kxf2 Rf6+ 36. Ke1 h5 37. Rad1 Qe4+ 38. Qe2 Qh1+ 0-1

[Event "Tradewise Gibraltar Masters 16th"]
[Site "Gibraltar"]
[Date "2018.01.25"]
[Round "3.26"]
[White "Bellahcene, Bilel"]
[Black "Saric, Ivan"]
[Result "0-1"]
[WhiteElo "2494"]
[BlackElo "2664"]
[PlyCount "92"]
[EventDate "2018.01.23"]
[EventType "swiss"]
[EventRounds "10"]
[EventCountry "GGB"]
[SourceTitle "BritBase"]
[Source "www.saund.co.uk"]
[SourceDate "2018.02.10"]
[SourceVersion "1"]
[SourceVersionDate "2018.02.10"]
[SourceQuality "1"]

1. e4 c6 2. Nc3 d5 3. Nf3 Bg4 4. h3 Bxf3 5. Qxf3 e6 6. d3 Nd7 7. Bd2 Bc5 8.
O-O-O Ne7 9. g4 a5 10. Qg3 a4 11. a3 b5 12. Na2 O-O 13. h4 Qb6 14. f4 Bd4 15.
Kb1 b4 16. axb4 c5 17. c3 cxb4 18. cxd4 b3 19. Nc1 a3 20. Bc3 Rfc8 21. Qe1 axb2
22. Bxb2 Rc2 23. Rd2 Qa5 24. Nxb3 Rxb2+ 25. Kxb2 Qa2+ 26. Kc3 Rc8+ 27. Nc5 Qa3+
28. Kc2 Nxc5 29. dxc5 Rxc5+ 30. Kd1 Rc1+ 31. Ke2 Rxe1+ 32. Kxe1 Qc1+ 33. Ke2
Nc6 34. Bg2 Nd4+ 35. Ke3 Nc2+ 36. Ke2 Nd4+ 37. Ke3 Qc5 38. Rb2 h5 39. gxh5 Nb3+
40. Ke2 Nd4+ 41. Kd2 Nb5 42. Ke2 Nc3+ 43. Kd2 dxe4 44. Bxe4 Nxe4+ 45. dxe4 Qd4+
46. Kc1 Qe3+ 0-1

[Event "Tradewise Gibraltar Masters 16th"]
[Site "Gibraltar"]
[Date "2018.01.25"]
[Round "3.27"]
[White "Akobian, Varuzhan"]
[Black "Kobo, Ori"]
[Result "1-0"]
[WhiteElo "2647"]
[BlackElo "2477"]
[PlyCount "111"]
[EventDate "2018.01.23"]
[EventType "swiss"]
[EventRounds "10"]
[EventCountry "GGB"]
[SourceTitle "BritBase"]
[Source "www.saund.co.uk"]
[SourceDate "2018.02.10"]
[SourceVersion "1"]
[SourceVersionDate "2018.02.10"]
[SourceQuality "1"]

1. d4 Nf6 2. c4 e6 3. Nf3 Bb4+ 4. Nbd2 O-O 5. a3 Be7 6. e4 d6 7. Be2 a5 8. b3
e5 9. Bb2 exd4 10. Nxd4 Nfd7 11. O-O Bf6 12. Qc2 Re8 13. f4 Nc6 14. Nxc6 bxc6
15. Bf3 Bxb2 16. Qxb2 Bb7 17. Rad1 Qe7 18. Rfe1 g5 19. e5 gxf4 20. exd6 Qxe1+
21. Rxe1 Rxe1+ 22. Kf2 Rae8 23. Ne4 R1xe4 24. Bxe4 Rxe4 25. dxc7 Bc8 26. Qd2
Kg7 27. g3 fxg3+ 28. hxg3 Re5 29. Qd6 Re6 30. Qd4+ Kg8 31. Qa7 Ne5 32. Qxa5
Nd3+ 33. Kg2 Re2+ 34. Kf3 Re8 35. Qg5+ Kf8 36. Qh6+ Kg8 37. Qd6 Ne5+ 38. Kg2
Bg4 39. a4 f6 40. Qxf6 Nf3 41. Kf2 Ne5 42. Qd8 Kf7 43. c5 Bc8 44. b4 Ng4+ 45.
Kf3 Nf6 46. Kg2 Ne4 47. a5 Nf6 48. Qd3 Bd7 49. a6 Ra8 50. a7 Bc8 51. Qd8 h5 52.
Kf3 Kg7 53. Kf4 Kf7 54. Ke5 Nd5 55. b5 Nb4 56. b6 1-0

[Event "Tradewise Gibraltar Masters 16th"]
[Site "Gibraltar"]
[Date "2018.01.25"]
[Round "3.28"]
[White "Cawdery, Daniel"]
[Black "Gupta, Abhijeet"]
[Result "1/2-1/2"]
[WhiteElo "2446"]
[BlackElo "2610"]
[PlyCount "120"]
[EventDate "2018.01.23"]
[EventType "swiss"]
[EventRounds "10"]
[EventCountry "GGB"]
[SourceTitle "BritBase"]
[Source "www.saund.co.uk"]
[SourceDate "2018.02.10"]
[SourceVersion "1"]
[SourceVersionDate "2018.02.10"]
[SourceQuality "1"]

1. e4 e6 2. d4 d5 3. Nd2 c5 4. exd5 Qxd5 5. Ngf3 cxd4 6. Bc4 Qd8 7. O-O Nc6 8.
Nb3 a6 9. Nbxd4 Nxd4 10. Nxd4 Qc7 11. Qe2 Bd6 12. h3 Ne7 13. Re1 O-O 14. Nf3
Ng6 15. Bd3 Bd7 16. Ng5 Bh2+ 17. Kh1 Bf4 18. Qh5 Bxg5 19. Qxg5 f6 20. Qg4 f5
21. Qc4 Rac8 22. Qxc7 Rxc7 23. b3 Rfc8 24. Kg1 Kf7 25. Ba3 Bc6 26. Rad1 b5 27.
c4 Rd7 28. Bf1 Rcd8 29. Rxd7+ Rxd7 30. Bb4 Nf4 31. Bc3 g5 32. g3 Nd3 33. Rd1 b4
34. Ba1 Nc5 35. Rxd7+ Nxd7 36. Bb2 a5 37. Be2 Be4 38. Bd1 Nc5 39. Bd4 Nd3 40.
Bb6 Nc1 41. Bxa5 Nxa2 42. Kf1 e5 43. Ke1 Ke6 44. Kd2 h6 45. Bb6 Kd6 46. h4 gxh4
47. gxh4 f4 48. Bg4 Bg6 49. h5 Be8 50. Ba7 Ke7 51. Bc5+ Kf6 52. Bf8 Kg5 53. f3
Kh4 54. Bd6 Nc3 55. Bxb4 Ne4+ 56. Ke1 Kg3 57. Be7 Bf7 58. c5 Be8 59. b4 Nc3 60.
Bf6 e4 1/2-1/2

[Event "Tradewise Gibraltar Masters 16th"]
[Site "Gibraltar"]
[Date "2018.01.25"]
[Round "3.29"]
[White "Vocaturo, Daniele"]
[Black "Docx, Stefan"]
[Result "1-0"]
[WhiteElo "2609"]
[BlackElo "2442"]
[PlyCount "65"]
[EventDate "2018.01.23"]
[EventType "swiss"]
[EventRounds "10"]
[EventCountry "GGB"]
[SourceTitle "BritBase"]
[Source "www.saund.co.uk"]
[SourceDate "2018.02.10"]
[SourceVersion "1"]
[SourceVersionDate "2018.02.10"]
[SourceQuality "1"]

1. e4 c5 2. Nc3 d6 3. f4 g6 4. d4 Bg7 5. dxc5 Bxc3+ 6. bxc3 dxc5 7. Qf3 Nc6 8.
Bc4 Na5 9. Bd3 b6 10. c4 Nf6 11. Bd2 O-O 12. e5 Bb7 13. Qe2 Nh5 14. Nh3 e6 15.
Qf2 Nc6 16. O-O-O Qe7 17. g4 Nb4 18. gxh5 Bxh1 19. Rxh1 Nxd3+ 20. cxd3 b5 21.
Ng5 bxc4 22. dxc4 Rab8 23. Qg2 Rb6 24. Bc3 Rfb8 25. Kd2 Qb7 26. Ne4 Rd8+ 27.
Ke3 Qa6 28. Rd1 Rbb8 29. Nd6 Qa3 30. Rd3 Qa6 31. h4 Qb6 32. Rd1 Kg7 33. Rg1 1-0